First language acquisition : method, description, and explanation / (Record no. 1907)

000 -LEADER
fixed length control field 00995pam a2200289 a 4500
001 - CONTROL NUMBER
control field 1020362
003 - CONTROL NUMBER IDENTIFIER
control field OSt
005 - DATE AND TIME OF LATEST TRANSACTION
control field 20150720085142.0
008 - FIXED-LENGTH DATA ELEMENTS--GENERAL INFORMATION
fixed length control field 880512s1989 enka b 001 0 eng
010 ## - LIBRARY OF CONGRESS CONTROL NUMBER
LC control number 88016215
020 ## - INTERNATIONAL STANDARD BOOK NUMBER
International Standard Book Number 0521341094
020 ## - INTERNATIONAL STANDARD BOOK NUMBER
International Standard Book Number 0521349168 (pbk.)
040 ## - CATALOGING SOURCE
Original cataloging agency DLC
Transcribing agency DLC
Modifying agency DLC
050 00 - LIBRARY OF CONGRESS CALL NUMBER
Classification number P118.I44 1989
082 00 - DEWEY DECIMAL CLASSIFICATION NUMBER
Classification number 401/.9
Edition number 19
100 1# - MAIN ENTRY--PERSONAL NAME
Personal name Ingram, David,
Dates associated with a name 1944-
245 10 - TITLE STATEMENT
Title First language acquisition : method, description, and explanation /
Statement of responsibility, etc David Ingram.
260 ## - PUBLICATION, DISTRIBUTION, ETC. (IMPRINT)
Place of publication, distribution, etc Cambridge [England] ;
-- New York :
Name of publisher, distributor, etc Cambridge University Press,
Date of publication, distribution, etc 1989.
300 ## - PHYSICAL DESCRIPTION
Extent xi, 572 p. :
Other physical details ill. ;
Dimensions 24 cm.
500 ## - GENERAL NOTE
General note Includes indexes.
504 ## - BIBLIOGRAPHY, ETC. NOTE
Bibliography, etc Bibliography: p. 519-548.
650 #0 - SUBJECT ADDED ENTRY--TOPICAL TERM
Topical term or geographic name as entry element Language acquisition.
856 41 - ELECTRONIC LOCATION AND ACCESS
Materials specified Table of contents
Uniform Resource Identifier <a href="http://www.loc.gov/catdir/toc/cam023/88016215.html">http://www.loc.gov/catdir/toc/cam023/88016215.html</a>
856 42 - ELECTRONIC LOCATION AND ACCESS
Materials specified Publisher description
Uniform Resource Identifier <a href="http://www.loc.gov/catdir/description/cam023/88016215.html">http://www.loc.gov/catdir/description/cam023/88016215.html</a>
906 ## - LOCAL DATA ELEMENT F, LDF (RLIN)
a 7
b cbc
c orignew
d 1
e ocip
f 19
g y-gencatlg
942 ## - ADDED ENTRY ELEMENTS (KOHA)
Source of classification or shelving scheme
Koha item type Book
Holdings
Withdrawn status Lost status Source of classification or shelving scheme Damaged status Not for loan Home library Current library Shelving location Date acquired Total Checkouts Full call number Barcode Date last seen Copy number Price effective from Koha item type Total Renewals Date checked out
          Riara University Library Riara University Library General stack 20/07/2015   P118.I44 1989 6508/15 20/07/2015 C.1 20/07/2015 Book    
          Riara University Library Riara University Library General stack 20/07/2015 2 P118.I44 1989 6509/15 25/07/2016 C.2 20/07/2015 Book 1 22/07/2016
          Riara University Library Riara University Library General stack 20/07/2015   P118.I44 1989 6510/15 20/07/2015 C.3 20/07/2015 Book    

Riara University Library,
P.O. Box 49940-00100,
Nairobi, Kenya.